Patternmaking for Fashion Design (Record no. 5384)
[ view plain ]
| 000 -LEADER | |
|---|---|
| fixed length control field | 00583nam a22002177a 4500 |
| 003 - CONTROL NUMBER IDENTIFIER | |
| control field | BUBTL |
| 008 - FIXED-LENGTH DATA ELEMENTS--GENERAL INFORMATION | |
| fixed length control field | 161120b xxu||||| |||| 00| 0 eng d |
| 020 ## - INTERNATIONAL STANDARD BOOK NUMBER | |
| International Standard Book Number | 978-81-317-2459-0 |
| 082 ## - DEWEY DECIMAL CLASSIFICATION NUMBER | |
| Classification number | 687.04ARP |
| 100 ## - MAIN ENTRY--PERSONAL NAME | |
| 9 (RLIN) | 930 |
| Personal name | Armstrong, Helen Joseph |
| 245 ## - TITLE STATEMENT | |
| Title | Patternmaking for Fashion Design |
| 250 ## - EDITION STATEMENT | |
| Edition statement | 4th |
| 260 ## - PUBLICATION, DISTRIBUTION, ETC. (IMPRINT) | |
| Place of publication, distribution, etc. | India |
| Name of publisher, distributor, etc. | Pearson |
| Date of publication, distribution, etc. | c2009 |
| 300 ## - PHYSICAL DESCRIPTION | |
| Extent | 827p. |
| Other physical details | ills. |
| Dimensions | 28cm. |
| 650 #0 - SUBJECT ADDED ENTRY--TOPICAL TERM | |
| 9 (RLIN) | 932 |
| Topical term or geographic name as entry element | Textile Engineering |
| 700 ## - ADDED ENTRY--PERSONAL NAME | |
| 9 (RLIN) | 931 |
| Personal name | Armstrong, Helen Joseph |
| 760 ## - MAIN SERIES ENTRY | |
| Edition | 4th |
| 856 ## - ELECTRONIC LOCATION AND ACCESS | |
| Password | 0 |
| Logon | 0 |
| Link text | Download |
| 942 ## - ADDED ENTRY ELEMENTS (KOHA) | |
| Source of classification or shelving scheme | |
| Koha item type | Books |
| Withdrawn status | Lost status | Source of classification or shelving scheme | Damaged status | Not for loan | Collection code | Permanent location | Current location | Shelving location | Date acquired | Inventory number | Total Checkouts | Full call number | Barcode | Date last seen | Copy number | Price effective from | Koha item type | Total Renewals | Date last checked out |
|---|---|---|---|---|---|---|---|---|---|---|---|---|---|---|---|---|---|---|---|
| Not For Loan | Non-fiction | Bangladesh University of Business and Technology Library | Bangladesh University of Business and Technology Library | Textile Engineering Stacks | 01/12/2014 | 17121 | 687.04ARP | BUBTL-200317121 | 11/20/2016 | C-1 | 11/20/2016 | Books | |||||||
| Non-fiction | Bangladesh University of Business and Technology Library | Bangladesh University of Business and Technology Library | Textile Engineering Stacks | 01/12/2014 | 17122 | 1 | 687.04ARP | BUBTL-200317122 | 01/14/2020 | C-2 | 11/20/2016 | Books | 2 | 12/07/2019 | |||||
| Non-fiction | Bangladesh University of Business and Technology Library | Bangladesh University of Business and Technology Library | Textile Engineering Stacks | 01/12/2014 | 17123 | 687.04ARP | BUBTL-200317123 | 11/20/2016 | C-3 | 11/20/2016 | Books | ||||||||
| Non-fiction | Bangladesh University of Business and Technology Library | Bangladesh University of Business and Technology Library | Textile Engineering Stacks | 01/12/2014 | 17124 | 687.04ARP | BUBTL-200317124 | 11/20/2016 | C-4 | 11/20/2016 | Books | ||||||||
| Not For Loan | Non-fiction | Bangladesh University of Business and Technology Library | Bangladesh University of Business and Technology Library | Textile Engineering Stacks | 01/12/2014 | 17125 | 687.04ARP | BUBTL-200317125 | 11/20/2016 | C-5 | 11/20/2016 | Books |
